000 00329nam a2200109Ia 4500
008 171211s9999 xx 000 0 und d
245 _aPhoneGap and AngularJS for Cross-platform Development
245 _cEugene Liang and Yuxian
260 _c2014
650 _xSOFTWARE
856 _uhttp://down.ebook777.com/061/9781783988921.pdf
999 _c349374
_d349374